书目信息 |
| 题名: |
制冷空调原理及应用
|
|
| 作者: | 韩宝琦 , 李树林 主编 | |
| 分册: | ||
| 出版信息: | 北京 机械工业出版社 2002.09 |
|
| 页数: | 570页,[1] 叶折图 | |
| 开本: | 26cm | |
| 丛书名: | ||
| 单 册: | ||
| 中图分类: | TB657.2 | |
| 科图分类: | ||
| 主题词: | 制冷--空气调节器 | |
| 电子资源: | ||
| ISBN: | 7-111-04400-2 | |
| 000 | 01065nam0 2200253 45 | |
| 001 | 0120021644 | |
| 005 | 20050822145012.90 | |
| 010 | @a7-111-04400-2@d57.00CNY | |
| 100 | @a20011128d2002 ekmy0chiy0121 ea | |
| 101 | @achi | |
| 102 | @aCN@b110000 | |
| 105 | @aa a 000yy | |
| 200 | 1 | @a制冷空调原理及应用@Azhi leng kong diao yuan li ji ying yong@f韩宝琦,李树林主编@Fhan bao qi,li shu lin zhu bian |
| 205 | @a第2版 | |
| 210 | @a北京@c机械工业出版社@d2002.09 | |
| 215 | @a570页,[1] 叶折图@c图@d26cm | |
| 320 | @a有书目。 | |
| 330 | @a本书是在第1版系统地介绍制冷空调原理,制冷系统各设备的结构与特点,各设备及空调系统与自动控制系统的选择计算、安装、调试、运行管理、故障分析与排除等基础上,对部分章节作了适当的增删和改写,增加了制冷剂 的替代、热泵循环、溴化锂和氨-水吸收式制冷机、空调冷负荷概算指标、风机盘管的控制及中央空调集散控制等 内容,使本书更加实用。 | |
| 606 | 0 | @a制冷@x空气调节器 |
| 690 | @aTB657.2@v4 | |
| 701 | 0 | @a韩宝琦@Ahan bao qi@4主编 |
| 701 | 0 | @a李树林@Ali shu lin@4主编 |
| 801 | 0 | @aCN@bQSSK@c20050822 |
| 905 | @a10447@dTB657.2@eH075 | |
| 制冷空调原理及应用/韩宝琦,李树林主编.-第2版.-北京:机械工业出版社,2002.09 |
| 570页,[1] 叶折图:图;26cm |
| ISBN 7-111-04400-2:57.00CNY |
| 本书是在第1版系统地介绍制冷空调原理,制冷系统各设备的结构与特点,各设备及空调系统与自动控制系统的选择计算、安装、调试、运行管理、故障分析与排除等基础上,对部分章节作了适当的增删和改写,增加了制冷剂 的替代、热泵循环、溴化锂和氨-水吸收式制冷机、空调冷负荷概算指标、风机盘管的控制及中央空调集散控制等 内容,使本书更加实用。 |
| ● |
| 相关链接 |
|
|
|
正题名:制冷空调原理及应用
索取号:TB657.2/H075
 
预约/预借
| 序号 | 登录号 | 条形码 | 馆藏地/架位号 | 状态 | 备注 |
| 1 | 564696 | 205646960 | 自科库501/501自科库 18排3列3层/ [索取号:TB657.2/H075] | 在馆 | |
| 2 | 564697 | 205646979 | 自科库501/501自科库 18排3列3层/ [索取号:TB657.2/H075] | 在馆 | |
| 3 | 564698 | 205646988 | 期刊室512/501自科库 18排3列1层/ [索取号:TB657.2/H075] | 在馆 |